000 00278nam a22001217a 4500
008 180208b xxu||||| |||| 00| 0 eng d
041 _aeng
080 _a32
100 _a19
101 _aPOL
245 _aUnited public policy a geographical view
_cHouse,J.W
942 _2udc
_cBK
999 _c42178
_d42178